Famous Brothers' Surnames Quiz Stats

 Plays Quiz Updated Jan 10, 2013

Also try: Fictional Siblings
Challenge
Share
Tweet
Embed
Score 0/26 Timer 05:00
7 Plays Today
% Correct
Baldwin
96.4%
Affleck
95%
Castro
94.8%
Phoenix
93.3%
Wright
92.2%
Wilson
92%
Marx
91.3%
Bridges
90.6%
Wahlberg
90.5%
Jonas
90.5%
Bush
90.3%
Kennedy
89.1%
Manning
88.6%
% Correct
Belushi
86.3%
Mountbatten-Windsor
85.3%
James
85%
Scott
83.7%
Klitschko
82.7%
Wayans
79.8%
Gershwin
77.6%
Coen
77.2%
Hemsworth
75%
Gallagher
71.9%
Gallo
69.5%
Grimm
65.2%
Marsalis
59.2%

You're not logged in!

Compare scores with friends on all Sporcle quizzes.
Join for Free
OR
Log In

You Might Also Like...

Show Comments

Extras

Top Quizzes Today


Score Distribution

Your Account Isn't Verified!

In order to create a playlist on Sporcle, you need to verify the email address you used during registration. Go to your Sporcle Settings to finish the process.

Report this User

Report this user for behavior that violates our Community Guidelines.

Details: